000 00510nam a2200181Ia 4500
005 20250508154953.0
008 008 250505s9999 xx 000 0 eng d
037 _aTextual
040 _aFEDL
_beng
_cFEDL
041 _aeng
_2eng
084 _a370, COO
_qFEDL
100 _aCoombs Philip H.
245 0 _aWorld educational crisis : A systems analysis
260 _aNew York, USA
_bOxford University Press
_c1968
300 _ax,241p.
942 _cTEXL
_h370, COO
999 _c1353194
_d1353194